Motivácia pracovníkov zamestnaných v subjekte kultúrneho priemyslu bakalárska práca

Enregistré dans:
Détails bibliographiques
Auteur principal: Koprda, Matúš
Collectivité auteur: Fakulta podnikového manažmentu EU. Katedra podnikovohospodárska
Autres auteurs: Centárová, Jana
Format: Livre
Langue:slovaque
Publié: Bratislava 2021
Tags: Ajouter un tag
Pas de tags, Soyez le premier à ajouter un tag!

MARC

LEADER 00000nbm a2200000 4500
001 0275847
005 20211118105332.5
041 0 |a slo 
044 |a SK 
245 1 0 |a Motivácia pracovníkov zamestnaných v subjekte kultúrneho priemyslu  |b bakalárska práca  |c Matúš Koprda ; školiteľ: Jana Centárová 
264 1 |a Bratislava  |c 2021 
300 |a 51 s. 
100 1 |a Koprda, Matúš 
700 1 |a Centárová, Jana 
710 2 |a Fakulta podnikového manažmentu EU. Katedra podnikovohospodárska